00727nam a2200193 a 450000100100000000500170001000800410002702000150006804000250008308200170010810000510012524500590017626000380023530000210027350000340029450000730032895201150040199900170051600004514720201002045922.0150205s2006 dr 000 0 spa d a9945405357 aDO-SdBNPbspacBNPHU axxxxxbxxxxx1 aCabral de Peña Gómez, Peggy,d1947-97316710aRecordando a Peña /cPeggy Cabral de Peña Gómez. aSanto Domingo :bManatí,c2006. a370 p. ;c23 cm. aIncluye índice onomástico aIncluye datos biográficos de la autora en la solapa de la cubierta 0010718PDaPDbPDcHDd2015-02-05iLF1l0oxxxxx xxxxxp45147-10r2020-06-25w2020-06-25yLFPDZNo se presta c44636d44636